Old media/new media: mass communications in the information age. / (Record no. 9562)

MARC details
000 -LEADER
fixed length control field 01350pam a2200277 a 4500
001 - CONTROL NUMBER
control field 2523823
003 - CONTROL NUMBER IDENTIFIER
control field OSt
005 - DATE AND TIME OF LATEST TRANSACTION
control field 20230427135302.0
008 - FIXED-LENGTH DATA ELEMENTS--GENERAL INFORMATION
fixed length control field 930512s1994 nyua b 001 0 eng
010 ## - LIBRARY OF CONGRESS CONTROL NUMBER
LC control number 93025021
020 ## - INTERNATIONAL STANDARD BOOK NUMBER
International Standard Book Number 0801311519
040 ## - CATALOGING SOURCE
Original cataloging agency DLC
Transcribing agency LC
Modifying agency DLC
043 ## - GEOGRAPHIC AREA CODE
Geographic area code n-us---
050 00 - LIBRARY OF CONGRESS CALL NUMBER
Classification number P96.T422.U63
082 00 - DEWEY DECIMAL CLASSIFICATION NUMBER
Classification number 302.23/0973
Edition number 20
100 1# - MAIN ENTRY--PERSONAL NAME
Personal name Dizard, Wilson Jr.
9 (RLIN) 1350
245 10 - TITLE STATEMENT
Title Old media/new media: mass communications in the information age. /
Statement of responsibility, etc. Wilson Dizard, Jr.
260 ## - PUBLICATION, DISTRIBUTION, ETC.
Place of publication, distribution, etc. New York:
Name of publisher, distributor, etc. Longman,
Date of publication, distribution, etc. 1993.
300 ## - PHYSICAL DESCRIPTION
Extent xviii, 215 p. :
Other physical details ill. ;
Dimensions 24 cm.
504 ## - BIBLIOGRAPHY, ETC. NOTE
Bibliography, etc. note Includes bibliographical references (p. 201-206) and index.
505 ## - FORMATTED CONTENTS NOTE
Formatted contents note Contents: The Evolution of mass communication -- New media technologies: the information machines -- New media technologies: the networks -- New media: the political dimension -- Broadcast television: decline or renewal? -- Cable television: the perils of success -- Hollywood: remodeling the dream factory -- Gutenberg's last stand? -- The Open-ended future --
650 #0 - SUBJECT ADDED ENTRY--TOPICAL TERM
Topical term or geographic name entry element Mass media
Geographic subdivision United States
General subdivision Technological innovations.
9 (RLIN) 1351
906 ## - LOCAL DATA ELEMENT F, LDF (RLIN)
a 7
b cbc
c orignew
d 1
e ocip
f 19
g y-gencatlg
942 ## - ADDED ENTRY ELEMENTS (KOHA)
Source of classification or shelving scheme Library of Congress Classification
Koha item type Books
Holdings
Withdrawn status Lost status Source of classification or shelving scheme Damaged status Not for loan Home library Current library Shelving location Date acquired Total Checkouts Full call number Barcode Date last seen Price effective from Koha item type
    Library of Congress Classification     WISCONSIN INTERNATIONAL UNIVERSITY COLLEGE, GHANA KUMASI LIBRARY WISCONSIN INTERNATIONAL UNIVERSITY COLLEGE, GHANA KUMASI LIBRARY General Stacks 15/03/2023   P96.T422.U63 K/3071/0169/23 27/04/2023 27/04/2023 Books

If you have any concerns or questions; kindly contact the library


© Powered by WIUC ICT DIRECTORATE